[Event "Hessen-ch Seniors op 05th"]
[Site "Bad Sooden-Allendorf"]
[Date "2009.04.30"]
[Round "6"]
[White "Prox, Oswald"]
[Black "Girod, Gudrun"]
[Result "1/2-1/2"]
[WhiteElo "1273"]
[BlackElo "1298"]
[PlyCount "25"]
[EventDate "2009.04.25"]
[EventType "swiss"]
[EventRounds "9"]
[EventCountry "GER"]
[SourceTitle "EXT 2022"]
[Source "ChessBase"]
[SourceDate "2021.10.06"]
[SourceVersion "1"]
[SourceVersionDate "2021.10.06"]
[SourceQuality "1"]

1. d4 d5 2. c4 e6 3. cxd5 exd5 4. Nc3 Nf6 5. Bg5 Be7 6. f3 h6 7. Be3 Nbd7 8. Bf2 0-0 9. e3 c6 10. Bd3 Bb4 11. Nge2 c5 12. 0-0 Bxc3 13. bxc3 1/2-1/2

[Event "GER-ch Seniors-B 20th"]
[Site "Erfurt"]
[Date "2008.08.10"]
[Round "6"]
[White "Goepfart, Dietrich"]
[Black "Prox, Oswald"]
[Result "1/2-1/2"]
[WhiteElo "1299"]
[BlackElo "1281"]
[PlyCount "37"]
[EventDate "2008.08.05"]
[EventType "swiss"]
[EventRounds "9"]
[EventCountry "GER"]
[SourceTitle "CBM 126 Extra"]
[Source "ChessBase"]
[SourceDate "2008.11.05"]
[SourceVersion "1"]
[SourceVersionDate "2008.11.05"]
[SourceQuality "1"]

1. e4 c5 2. c3 d5 3. exd5 Qxd5 4. d4 Nf6 5. Nf3 cxd4 6. cxd4 e6 7. Nc3 Bb4 8. a3 Bxc3+ 9. bxc3 0-0 10. Be2 b6 11. 0-0 Ba6 12. Qc2 Bxe2 13. Qxe2 Nbd7 14. Re1 a6 15. c4 Qc6 16. Bb2 Rac8 17. Rac1 Qa4 18. Qd3 Rfd8 19. Qc2 1/2-1/2

[Event "Hessen-ch Seniors op 04th"]
[Site "Bad Sooden-Allendorf"]
[Date "2008.04.28"]
[Round "5"]
[White "Lueders, Guenter"]
[Black "Prox, Oswald"]
[Result "1-0"]
[WhiteElo "1655"]
[BlackElo "1304"]
[PlyCount "93"]
[EventDate "2008.04.24"]
[EventType "swiss"]
[EventRounds "9"]
[EventCountry "GER"]
[SourceTitle "EXT 2022"]
[Source "ChessBase"]
[SourceDate "2021.10.06"]
[SourceVersion "1"]
[SourceVersionDate "2021.10.06"]
[SourceQuality "1"]

1. d4 Nf6 2. Nf3 g6 3. Bf4 d6 4. Nbd2 Bg7 5. h3 0-0 6. e3 b6 7. Be2 Bb7 8. 0-0 Nbd7 9. c3 Re8 10. Qc2 c5 11. Rac1 Nh5 12. Bh2 cxd4 13. Nxd4 Nhf6 14. Bf3 Bxf3 15. N2xf3 Nd5 16. Rfd1 Nc7 17. Bg3 Qc8 18. a3 Qb7 19. Nb3 Rac8 20. Rd2 Ne6 21. Qd1 Ndc5 22. Bh2 Nxb3 23. Qxb3 Nc5 24. Qa2 Ne6 25. Rcd1 Rc7 26. Bg3 Rec8 27. Nd4 Nxd4 28. exd4 Rd7 29. Re2 d5 30. Qb1 e6 31. Qd3 Qc6 32. Rde1 Qc4 33. Qe3 Qc6 34. Be5 Re8 35. Bxg7 Kxg7 36. Qe5+ Kg8 37. Re3 Qd6 38. Qg5 Qe7 39. Qg4 Rd6 40. Rg3 Qd7 41. h4 Qd8 42. h5 Qd7 43. Qf4 Qe7 44. Qe5 f6 45. Qe3 g5 46. f4 g4 47. Rxg4+ 1-0

[Event "Hessen-ch Seniors op 04th"]
[Site "Bad Sooden-Allendorf"]
[Date "2008.04.25"]
[Round "2"]
[White "Prox, Oswald"]
[Black "Hegner, Peter"]
[Result "0-1"]
[WhiteElo "1304"]
[BlackElo "1566"]
[PlyCount "116"]
[EventDate "2008.04.24"]
[EventType "swiss"]
[EventRounds "9"]
[EventCountry "GER"]
[SourceTitle "EXT 2022"]
[Source "ChessBase"]
[SourceDate "2021.10.06"]
[SourceVersion "1"]
[SourceVersionDate "2021.10.06"]
[SourceQuality "1"]

1. e4 e5 2. Nf3 Nc6 3. Bb5 Bc5 4. c3 d6 5. d4 exd4 6. cxd4 Bb4+ 7. Nc3 a6 8. Bd3 Bg4 9. Be2 Bxf3 10. Bxf3 Qf6 11. Be3 Nge7 12. 0-0 0-0 13. a3 Ba5 14. Qd3 Bb6 15. Ne2 Ng6 16. Bg4 Nh4 17. f3 Rad8 18. b4 Ne7 19. d5 Bxe3+ 20. Qxe3 Rfe8 21. Qd2 Qe5 22. g3 Nhg6 23. Nf4 Nxf4 24. gxf4 Qf6 25. f5 g6 26. Rac1 c6 27. Qg2 cxd5 28. fxg6 hxg6 29. Rfd1 Qe5 30. Bh3 dxe4 31. fxe4 Nc6 32. Rc4 Kg7 33. Qg3 Rh8 34. Kg2 Qb2+ 35. Kf1 Qf6+ 36. Kg1 Ne5 37. Rc3 Rh5 38. Rf1 Qe7 39. Qe1 Rxh3 40. Rxh3 Qe6 41. Rg3 Rc8 42. h4 Rc2 43. Rf2 Rc4 44. h5 Qc8 45. Rd2 Rxe4 46. Qxe4 Qc1+ 47. Kh2 Qxd2+ 48. Kg1 Qd1+ 49. Kg2 Qxh5 50. Kf1 Qd1+ 51. Kg2 Qd2+ 52. Kg1 Qc1+ 53. Kg2 Qc7 54. Kg1 Qc6 55. Qe3 Qd7 56. Qf4 Qe6 57. Re3 Qf6 58. Re4 Qe6 0-1

[Event "Hessen-ch Seniors op 03rd"]
[Site "Bad Sooden-Allendorf"]
[Date "2007.05.04"]
[Round "7"]
[White "Heidfeld, Christel"]
[Black "Prox, Oswald"]
[Result "1-0"]
[WhiteElo "1208"]
[BlackElo "1362"]
[PlyCount "65"]
[EventDate "2007.04.27"]
[EventType "swiss"]
[EventRounds "9"]
[EventCountry "GER"]
[SourceTitle "EXT 2022"]
[Source "ChessBase"]
[SourceDate "2021.10.06"]
[SourceVersion "1"]
[SourceVersionDate "2021.10.06"]
[SourceQuality "1"]

1. e4 c5 2. a3 Nc6 3. d3 d6 4. h3 Nf6 5. Bf4 e6 6. Nf3 e5 7. Bh2 Be7 8. Be2 0-0 9. 0-0 Ne8 10. c3 Be6 11. b4 cxb4 12. cxb4 Nc7 13. d4 exd4 14. Nxd4 Nxd4 15. Qxd4 Ne8 16. Qd2 f5 17. Bf3 Bf6 18. Nc3 Rc8 19. Rac1 Bg5 20. Bf4 Bxf4 21. Qxf4 g5 22. Qd2 g4 23. hxg4 fxg4 24. Bd1 Rf7 25. Qe3 b6 26. Nb5 d5 27. Nd4 Rxc1 28. Qxc1 Qf6 29. Nxe6 Qxe6 30. exd5 Qxd5 31. Bxg4 Rg7 32. Qe3 Re7 33. Qxe7 1-0

[Event "Hessen-ch Seniors op 03rd"]
[Site "Bad Sooden-Allendorf"]
[Date "2007.04.30"]
[Round "3"]
[White "Homes, Helmut"]
[Black "Prox, Oswald"]
[Result "1-0"]
[WhiteElo "1742"]
[BlackElo "1362"]
[PlyCount "57"]
[EventDate "2007.04.27"]
[EventType "swiss"]
[EventRounds "9"]
[EventCountry "GER"]
[SourceTitle "EXT 2022"]
[Source "ChessBase"]
[SourceDate "2021.10.06"]
[SourceVersion "1"]
[SourceVersionDate "2021.10.06"]
[SourceQuality "1"]

1. e4 c5 2. Nc3 e6 3. g3 Nc6 4. Bg2 d6 5. d3 Be7 6. f4 h6 7. Nf3 Nf6 8. 0-0 a6 9. h3 Qc7 10. Be3 0-0 11. Ne2 Nd7 12. c3 Nf6 13. Nd2 Bd7 14. Rc1 Rac8 15. d4 b5 16. Qe1 Na5 17. Qf2 Nc4 18. Nxc4 bxc4 19. dxc5 dxc5 20. g4 Bb5 21. Ng3 Rcd8 22. e5 Nd5 23. Bd2 Bh4 24. Kh2 Ne7 25. Be3 Rd3 26. Be4 Rxe3 27. Qxe3 Nd5 28. Bxd5 exd5 29. Nf5 1-0

[Event "Hessen-ch Seniors op 02nd"]
[Site "Bad Sooden-Allendorf"]
[Date "2006.05.07"]
[Round "6"]
[White "Prox, Oswald"]
[Black "Zwanepol, Johan"]
[Result "1/2-1/2"]
[WhiteElo "1458"]
[BlackElo "1603"]
[PlyCount "73"]
[EventDate "2006.04.25"]
[EventType "swiss"]
[EventRounds "9"]
[EventCountry "GER"]
[SourceTitle "EXT 2007"]
[Source "ChessBase"]
[SourceDate "2006.11.23"]
[SourceVersion "1"]
[SourceVersionDate "2006.11.23"]
[SourceQuality "1"]

1. e4 d5 2. exd5 Qxd5 3. Nc3 Qd6 4. Nf3 Nf6 5. Bc4 Bg4 6. h3 Bh5 7. d4 a6 8. 0-0 Nc6 9. Be3 e6 10. Be2 0-0-0 11. a3 Bg6 12. Na4 e5 13. c3 Nd5 14. Nxe5 Nxe3 15. fxe3 Nxe5 16. Qb3 Nd7 17. Bf3 Nb6 18. Nc5 Rd7 19. Bxb7+ Kd8 20. Bxa6 Ke7 21. Nxd7 Nxd7 22. Qb4 Be4 23. Qxd6+ cxd6 24. b4 g6 25. Rfe1 Bh6 26. a4 Ra8 27. Bf1 Nb6 28. c4 Rxa4 29. Rxa4 Nxa4 30. Kf2 Nb2 31. Ra1 Bd3 32. Rc1 Kd7 33. Be2 Bg5 34. Kf3 Bd8 35. Bxd3 Nxd3 36. Rb1 d5 37. c5 1/2-1/2

[Event "Hessen-ch Seniors op 02nd"]
[Site "Bad Sooden-Allendorf"]
[Date "2006.04.29"]
[Round "5"]
[White "Fuchs, Manfred1"]
[Black "Prox, Oswald"]
[Result "1/2-1/2"]
[WhiteElo "1591"]
[BlackElo "1458"]
[PlyCount "96"]
[EventDate "2006.04.25"]
[EventType "swiss"]
[EventRounds "9"]
[EventCountry "GER"]
[SourceTitle "EXT 2007"]
[Source "ChessBase"]
[SourceDate "2006.11.23"]
[SourceVersion "1"]
[SourceVersionDate "2006.11.23"]
[SourceQuality "1"]

1. b3 Nf6 2. Bb2 d6 3. Nc3 c6 4. e4 e5 5. h3 Be7 6. Bd3 Nbd7 7. Qe2 Nc5 8. 0-0-0 Nxd3+ 9. Qxd3 Qc7 10. g4 h6 11. Nf3 Be6 12. Qe3 b6 13. d4 0-0-0 14. d5 Bd7 15. Kb1 c5 16. Qe2 Kb7 17. Nd2 g5 18. f3 Rc8 19. Nb5 Qb8 20. Na3 a6 21. Rh2 Ka7 22. c4 Rh7 23. Nf1 h5 24. Ne3 Rch8 25. Rdh1 hxg4 26. hxg4 Rh4 27. Bc3 Qg8 28. Be1 Rxh2 29. Rxh2 Rxh2 30. Qxh2 Qh7 31. Qg2 Ne8 32. Bf2 f6 33. Qg1 Bf8 34. Nac2 Kb7 35. Be1 Ka7 36. Qg2 Be7 37. Bc3 Bd8 38. Kb2 Bc7 39. a4 Kb7 40. Na3 Bd8 41. Nac2 Qh8 42. Ka3 Qh7 43. Ne1 Bc7 44. Nd3 Bd8 45. Qb2 Qh3 46. Qg2 Qxg2 47. Nxg2 b5 48. axb5 axb5 1/2-1/2

[Event "Hessen-ch Seniors op 02nd"]
[Site "Bad Sooden-Allendorf"]
[Date "2006.04.25"]
[Round "1"]
[White "Beikirch, Heinz"]
[Black "Prox, Oswald"]
[Result "0-1"]
[WhiteElo "1633"]
[BlackElo "1458"]
[PlyCount "48"]
[EventDate "2006.04.25"]
[EventType "swiss"]
[EventRounds "9"]
[EventCountry "GER"]
[SourceTitle "EXT 2007"]
[Source "ChessBase"]
[SourceDate "2006.11.23"]
[SourceVersion "1"]
[SourceVersionDate "2006.11.23"]
[SourceQuality "1"]

1. e4 c5 2. Nf3 Nc6 3. d4 cxd4 4. Nxd4 Nf6 5. Nc3 d6 6. Be2 a6 7. Be3 Bd7 8. a4 Nxd4 9. Bxd4 e5 10. Be3 Bc6 11. Bf3 Rc8 12. a5 Be7 13. Qd3 0-0 14. 0-0 Qd7 15. Rfd1 Bb5 16. Nxb5 axb5 17. c3 Qc6 18. h3 Rfd8 19. Bb6 Re8 20. Be2 Qc4 21. Qxc4 bxc4 22. f3 Rc6 23. Ra4 Ra8 24. Bf1 Rxb6 0-1